NBA 2k21 all-time Minnesota Timberwolves - Statistics

General Stats
  • This quiz has been taken 136 times
  • The average score is 8 of 15
Answer Stats
Overall Player % Correct
98 Kevin Garnett
99%
89 Karl-Anthony Towns
98%
92 Kevin Love
77%
83 Andrew Wiggins
75%
88 Sam Cassell
67%
87 Jimmy Butler
56%
85 Ricky Rubio
56%
85 Wally Szczerbiak
55%
83 Latrell Sprewell
43%
88 Stephon Marbury
37%
88 Tom Gugliotta
30%
85 Christian Laettner
28%
86 Terrell Brandon
25%
85 Isaiah Rider
24%
85 Doug West
21%
No matching quizzes found
Score Distribution
Percent of People with Each Score
Percentile by Number Answered
Your Score History
You have not taken this quiz